00532nam a2200157Ia 4500008004100000020001500041041001200056100001600068245003700084260003300121300000800154650001600162942000700178999001700185952017200202221030s9999 xx 000 0 und d a8126523726 aEnglish aB. Sosinsky 0aNetworking Biblecby B. Sosinsky bWilley Pub.aNew Delhic2010 a890 aBE Computer cBK c16159d16159 pBE 14523g599.00i7005l0eRKBr2024-06-13 00:00:00w2022-10-30yBK003Print4071aMIETLIBbMIETLIBcBL-Academic Block B, FL-2, CUP-149, SH-3, R-3d2016-01-0610HBE